000 00703nam a22002177a 4500
005 20260504171539.0
008 260504b |||||||| |||| 00| 0 eng d
020 _a9789351073932
_qpbk
082 _a660.283
_bSIN.6E
100 _aSinnott, Ray
245 _aChemical engineering design [6th ed.]
250 _a6th ed. [2020] ; 1st Indian rep. c.2020
260 _aNew Delhi
_bRELX India, Elsevier
_c2020
300 _axxxi, 1262p. ; 24cm.
440 _aCoulson and Richardson's chemical engineering series
653 _aChemical engineering -- Equipment and supplies
653 _aEquipment in chemical process industry
653 _aCHE302
700 _aTowler, Gavin
942 _2ddc
_cBK
999 _c53162
_d53162